Oxford English: An International Approach Teacher's Guide 4 / (Record no. 5692)

MARC details
000 -LEADER
fixed length control field 00967nam a22002177a 4500
001 - CONTROL NUMBER
control field 5692
003 - CONTROL NUMBER IDENTIFIER
control field FISKH
005 - DATE AND TIME OF LATEST TRANSACTION
control field 20250114102941.0
008 - FIXED-LENGTH DATA ELEMENTS--GENERAL INFORMATION
fixed length control field 250114b cb ||||| |||| 00| 0 eng d
020 ## - INTERNATIONAL STANDARD BOOK NUMBER
International Standard Book Number 9780199126712
040 ## - CATALOGING SOURCE
Original cataloging agency FISKH
Language of cataloging eng
Transcribing agency FISKH
Modifying agency FISKH
082 ## - DEWEY DECIMAL CLASSIFICATION NUMBER
Classification number 428.0071
100 ## - MAIN ENTRY--PERSONAL NAME
Personal name Mertin, Patricia
245 ## - TITLE STATEMENT
Title Oxford English: An International Approach Teacher's Guide 4 /
Statement of responsibility, etc. by Patricia Mertin
250 ## - EDITION STATEMENT
Edition statement First published 2010
260 ## - PUBLICATION, DISTRIBUTION, ETC.
Place of publication, distribution, etc. Oxford :
Name of publisher, distributor, etc. Oxford University Press ;
Date of publication, distribution, etc. 2010 .
300 ## - PHYSICAL DESCRIPTION
Extent 64 pages :
Other physical details illustrations ;
Dimensions 30 cm .
520 ## - SUMMARY, ETC.
Summary, etc. Providing methodology, templates, lesson ideas and a CD with listening material, this teachers' guide will assist the day to day planning of English for students aged 11-16 of all abilities. Each guide contains lesson ideas, rubrics for the writing assignments, full answers to the studentbook and workbook as well as a CD packed full of extracts.
942 ## - ADDED ENTRY ELEMENTS (KOHA)
Source of classification or shelving scheme Dewey Decimal Classification
Koha item type Books
Suppress in OPAC No
Holdings
Withdrawn status Lost status Source of classification or shelving scheme Damaged status Not for loan Collection Home library Current library Shelving location Date acquired Total Checkouts Full call number Barcode Date last seen Price effective from Koha item type
    Dewey Decimal Classification     Non-Fiction Footprints International School Library Network Toul Kork Campus Footprints International School Library Network Toul Kork Campus TTP Secondary Non-Fiction Bookshelves 01/14/2025   MER 428.0071 2025-0030 01/14/2025 01/14/2025 Books